00304nam a2200109Ia 4500008004100000020001800041100002000059245004100079250001100120260004500131300001800176180205s9999 xx 000 0 und d a9781260084122 aNoreen, Eric W. aManagerial accounting for managers / a4th ed aNew york :bMc Graw Hill educationc2017 avi, 613 pages